000 00547nam a2200217 a 4500
001 0001-1935
003 ELIB.Books
008 181211 2010 eng
020 _aKBTS
092 _a152.4
_bSte
100 _aStevens, Velma Darbo.
245 _aA Fresh Look at Loneliness
260 _aNashville
_bBroadman Press
_c1981
300 _a137
_c19.5 Cm
650 _aLoneliness
856 _nKBTS Library
_uKBTS Elib
942 _2ddc
_cBK
990 _a1
998 _aEnglishbooks.elf
_ccat
_e2018-12-11
999 _c11935
_d11935